Garanta̕ administrativa de los derechos del interesado en materia de proteccin̤ de datos personales

Detalles Bibliográficos
Autor principal: Rodrg̕uez Ayuso, Juan Francisco
Formato: eBook
Lenguaje:español
Publicado: Barcelona: J.M. Bosch Editor, 2021
Materias:
Acceso en línea:Acceso restringido

MARC

LEADER 00000nam a22000007a 4500
005 20220509233714.0
007 cr|||| |||
008 220509s2021 es |||||s|||| 00||0 spa d
020 |a 978-84-122999-7-7 
035 |a 35613 
040 |a vLex 
090 |c 13305  |d 13305 
100 1 |a Rodrg̕uez Ayuso, Juan Francisco 
245 1 0 |a Garanta̕ administrativa de los derechos del interesado en materia de proteccin̤ de datos personales  |h [Recurso electrn̤ico] /  |c Juan Francisco Rodrg̕uez Ayuso 
256 |a Servicio en ln̕ea 
260 |a Barcelona:  |b J.M. Bosch Editor,  |c 2021 
300 |a 1 recurso electrn̤ico 
500 |a El presente libro forma parte de una coleccin̤ que pretende recoger, de modo completo, coherente y armonizado, el conjunto de novedades introducidas por la nueva normativa en materia de proteccin̤ de datos, emanada, a nivel europeo, del Reglamento general de proteccin̤ de datos (RGPD) y, a nivel interno, complementando y desarrollando aquel, por la Ley Orgǹica 3/2018, de 5 de diciembre, de Proteccin̤ de Datos Personales y garanta̕ de los derechos digitales (LOPDGDD). Ms̀ especf̕icamente, en estas pg̀inas se diseccionan, de forma ciertamente pormenorizada, los derechos que corresponden al interesado en cuanto titular de los datos personales objeto de tratamiento por parte de terceros (fundamentalmente, responsables del tratamiento y encargados del tratamiento). Y se hace atendiendo a una triple clasificacin̤: En primer lugar, se analiza el nuevo enfoque proporcionado a los derechos que ya se vena̕n atribuyendo al interesado, como son los tradicionales derechos ARCO: derechos de acceso, de rectificacin̤, de cancelacin̤ (ahora conocido como derecho de supresin̤, cuya manifestacin̤ ms̀ singular se encuentra en el derecho al olvido) y de oposicin̤. En segundo lugar, se diseccionan aquellos otros derechos que, en el afǹ de la nueva normativa por reforzar la posicin̤ del afectado, se incluyen por primera vez, atendiendo a la rp̀ida evolucin̤ de la tecnologa̕ y a la necesidad de adaptarse a ella. Son los derechos a la limitacin̤ del tratamiento, a la portabilidad de los datos y a no ser objeto de decisiones individuales automatizadas, incluida la elaboracin̤ de perfiles. Este anl̀isis se ve acompaądo por el estudio de las singularidades propias de las Administraciones Pb︢licas. Por l︢timo, se procede a investigar el verdadero alcance de los conocidos como “derechos digitales”, recientemente incorporados por la normativa nacional en materia de proteccin̤ de datos (LOPDGDD) que complementa y desarrolla los postulados del RGPD. Se trata, en muchos casos, de principios, pero, en todos ellos, de directrices de necesario estudio y reflexin̤. 
506 1 |a Disponible solo en los productos indicados  |d vLex Global  |d vLex Global (Academic Edition, excluding Law Schools)  |d vLex Global (U.S. Academic Edition, Law Schools)  |d vLex Global (U.S. Academic Edition, excluding Law Schools)  |d vLex Global (Academic Edition, Law Schools) 
650 0 4 |a Derecho Pb︢lico y Administrativo  |z Espaą 
740 0 |a vLex Libros (Servicio en ln̕ea) 
856 4 0 |u https://app.vlex.com/#/sources/35613  |z Acceso restringido 
942 |c BOOK 
999 0 |a Public and Administrative Law